000 00890nam a22001817a 4500
999 _c61955
_d61955
003 Ge_BSU
005 20240614115319.0
008 240614s1956 ge ||||| |||| 00| 0 geo d
041 _ageo
080 _a614.79 ფ-87
100 _aფრანგულიანი, ი. ს.
_922435
245 _aსაკოლმეურნეო სოფლის, საბჭოთა მეურნეობის და მანქანა-ტრაქტორთა სადგურის ჰიგიენა /
_cი.ს. ფრანგულიანი.
264 _aთბილისი :
_bსაქმედგამი,
_c1956.
300 _a82 გვ. ;
_b20 სმ.
440 _nსანიტიტარული განათლების ბიბლიოთეკა
_922436
653 _aსოფლის ჰიგიენა
942 _2udc
_cᲬᲘᲒᲜᲘ